000 00300nam a22001097a 4500
008 230605b xxu||||| |||| 00| 0 eng d
082 _a328.43805
_bPOL
100 _cwarsaw
_dApril 2010
245 _aSENATE OF THE REPUBLIC OF POLAND
_bRules and regulations of the senate
300 _a52p
942 _2ddc
_cBK
999 _c345
_d345